La expedición del General Gómez

Furkejuvvon:
Bibliográfalaš dieđut
Váldodahkki: Bullón de Mendoza y Gómez de Valugera, Alfonso (Dahkki)
Materiálatiipa: Girji
Giella:espánnjágiella
Almmustuhtton: Madrid, España Editora Nacional 1984
Ráidu:Biblioteca de Visionarios Heterodoxos y Marginados, 25
Fáttát:
Fáddágilkorat: Lasit fáddágilkoriid
Eai fáddágilkorat, Lasit vuosttaš fáddágilkora!

MARC

LEADER 00000nam a2200000 a 4500
001 UCX0527
003 CL-VaPUC
005 20210604001534.0
008 891102e19840000SP |||||||||||||||||spa|d
999 |c 222101  |d 222099 
040 |c Pontificia Universidad Católica de Valparaíso 
082 0 4 |a 946.07 BUL 1984  |2 21 
100 0 |a Bullón de Mendoza y Gómez de Valugera, Alfonso  |e author  |9 315944 
245 1 3 |a La expedición del General Gómez 
260 |a Madrid, España  |b Editora Nacional  |c 1984 
300 |a 444 páginas 
490 0 |a Biblioteca de Visionarios Heterodoxos y Marginados,  |v  25 
583 |a last modification  |c 19891102 00:00:00  |k Rodrigo Vera 
650 0 |a Historia  |9 255047 
651 0 |a España  |9 254926 
852 |a BIBCUR 
942 |c BK  |2 ddc 
945 |d 19891102 00:00:00 
952 |0 0  |1 0  |2 ddc  |4 0  |6 946_070000000000000_BUL_1984  |7 0  |8 A  |9 216355  |a BIBHIS  |b BIBHIS  |d 2019-11-15  |i 2849801  |o 946.07 BUL 1984  |p 2849801  |r 2025-01-20  |t 1  |w 2019-11-15  |y BK  |k HIS 
952 |0 0  |1 0  |2 ddc  |4 0  |6 946_070000000000000_BUL_1984  |7 0  |8 A  |9 216356  |a BIBTEO  |b BIBTEO  |d 2019-11-15  |i 371635K  |o 946.07 BUL 1984  |p 371635K  |r 2025-01-17  |t 2  |w 2019-11-15  |y BK  |k ICR